000 01128nam a22003257a 4500
003 CHAP
005 20220329134135.0
008 971013s1981 r 00010 d
010 _a16025
011 _a16997
035 _a21079
040 _cCHAP
090 _aTesis
100 0 0 _aGuillén Ortiz, Andrés.
_951397
245 _aEvaluación de la técnica de super ovulación en vacas Holstein para transferencia de embriones
260 _aMonterrey, N.L., :
_bEl autor,
_c1981
300 _a60 h.
_b: ilus
502 _aTesis (Ing. Agrónomo Zootecnista) -- ITESM. Div. de Ciencias Agropecuarias y Marítimas
590 _aALEPH
_b10
_c20130110
_lUCH01
_h1238
590 _aBATCH-UPD
_b10
_c20130110
_lUCH01
_h1606
590 _aBATCH-UPD
_b10
_c20130410
_lUCH01
_h1002
590 _aBATCH-UPD
_b10
_c20130914
_lUCH01
_h1259
590 _aCONVERSION
_b10
_c20130109
_lUCH01
_h1310
650 1 4 _aEmbriología
_xGanado vacuno.
_936490
650 1 4 _aGanado vacuno
_xFecundidad.
_945466
650 1 4 _aHormonas
_xEfecto en animales domésticos.
_956236
901 _aBK
942 _cTESIS
949 _bBC
_cTES
_d-49149
_eTS1
_i21079
_si
999 _c16025
_d16025